Geodesy, Mapping and Photogrammetry (Record no. 118818)

MARC details
000 -LEADER
fixed length control field 00846cas a22002535a 4500
001 - CONTROL NUMBER
control field L130960
008 - FIXED-LENGTH DATA ELEMENTS--GENERAL INFORMATION
fixed length control field 050920d19731981xxuqr p 0 a0eng u
022 ## - INTERNATIONAL STANDARD SERIAL NUMBER
International Standard Serial Number 0361-4433
035 ## - SYSTEM CONTROL NUMBER
System control number (Sirsi) u130960
041 1# - LANGUAGE CODE
Language code of text/sound track or separate title eng
110 2# - MAIN ENTRY--CORPORATE NAME
Corporate name or jurisdiction name as entry element American Geophysical Union
9 (RLIN) 5280
245 00 - TITLE STATEMENT
Title Geodesy, Mapping and Photogrammetry
260 ## - PUBLICATION, DISTRIBUTION, ETC.
Place of publication, distribution, etc. Washington, D.C.
Name of publisher, distributor, etc. American Geophysical Union
Date of publication, distribution, etc. 1973-1981
362 ## - DATES OF PUBLICATION AND/OR SEQUENTIAL DESIGNATION
Dates of publication and/or sequential designation 15(2) 1973-20(4) 1981
520 ## - SUMMARY, ETC.
Summary, etc. Translation of a Russian journal.
554 ## -
-- Four per year
651 #4 - SUBJECT ADDED ENTRY--GEOGRAPHIC NAME
Geographic name International
690 ## - LOCAL SUBJECT ADDED ENTRY--TOPICAL TERM (OCLC, RLIN)
Topical term or geographic name as entry element ENVIRONMENTAL AND LAND CONSULTANCY-GEOMATICS
710 2# - ADDED ENTRY--CORPORATE NAME
Corporate name or jurisdiction name as entry element American Congress on Surveying and Mapping
9 (RLIN) 58
710 2# - ADDED ENTRY--CORPORATE NAME
Corporate name or jurisdiction name as entry element American Society of Photogrammetry
9 (RLIN) 3105
780 00 - PRECEDING ENTRY
Title Geodesy and Aerophotography
International Standard Serial Number 0016-7088
785 00 - SUCCEEDING ENTRY
Title Mapping Sciences and Remote Sensing
International Standard Serial Number 0749-3878
942 ## - ADDED ENTRY ELEMENTS (KOHA)
Suppress in OPAC 0
Holdings
Withdrawn status Lost status Source of classification or shelving scheme Damaged status Not for loan Home library Current library Shelving location Date acquired Total Checkouts Full call number Barcode Date last seen Price effective from Koha item type
    Dewey Decimal Classification     London London Basement 20/09/2005   MAPPING SCIENCES AND REMOTE SENSING 130960-1001 06/08/2019 06/08/2019 Journal